| 000 | 01470nam a2200265 i 4500 | ||
|---|---|---|---|
| 001 | 11613 | ||
| 003 | ES-MaACL | ||
| 005 | 20230906150134.0 | ||
| 007 | t| | ||
| 008 | 950718s1994 sp ||||0| spa d | ||
| 016 | 7 | _zSIC92021913 | |
| 020 | _a84-7676-281-X | ||
| 040 |
_aSIC _bspa _cSIC |
||
| 080 | _a343.1(460) | ||
| 100 | 1 |
_aMajada, Arturo. _975639 |
|
| 245 | 1 | 0 |
_aPráctica procesal penal _b: adaptada a la Ley Orgánica del Poder Judicial, a la de Enjuiciamiento Criminal y demás disposiciones penales y procesales complementarias : procedimiento abreviado / _cArturo Majada. |
| 250 |
_a5ª ed., reimp. _bcon legislación actualizada por Luis Ribó Durán, Alejandro Ribó Bonet. |
||
| 260 |
_aBarcelona : _bBosch, _cD.L. 1994. |
||
| 300 |
_a4 v. ; _c24 cm. |
||
| 505 | 8 | _av. 1. Disposiciones generales (arts. 779 al 785 de la Ley de enjuiciamiento criminal) -- v. 2. Disposiciones generales (arts. 785 al 789 de la Ley de enjuiciamiento criminal -- v. 3. Preparación del juicio oral (arts. 790 y 791 de la Ley de enjuiciamiento criminal). Juicio oral (arts. 792 al 793 de la Ley de enjuiciamiento criminal) -- v. 4. Juicio oral (arts. 793 al 797 de la Ley de enjuiciamiento criminal). Ejecución de sentencias (arts. 798 y 799 de la Ley de enjuiciamiento criminal) | |
| 650 | 1 | 4 |
_aProcedimiento penal- _zEspaña. _916429 |
| 700 | 1 |
_aRibó Durán, Luis. _996830 |
|
| 700 | 1 |
_aRibó Bonet, Alejandro. _996829 |
|
| 852 |
_aES-MaACL _jL-18977-80 _bR.125119 |
||
| 999 |
_c11613 _d11613 |
||